<?xml version="1.0" encoding="UTF-8"?>
<record
    xmlns:xsi="http://www.w3.org/2001/XMLSchema-instance"
    xsi:schemaLocation="http://www.loc.gov/MARC21/slim http://www.loc.gov/standards/marcxml/schema/MARC21slim.xsd"
    xmlns="http://www.loc.gov/MARC21/slim">

  <leader>00754nam a22001577a 4500</leader>
  <controlfield tag="003">OSt</controlfield>
  <controlfield tag="005">20161105095756.0</controlfield>
  <controlfield tag="008">161105b        xxu||||| |||| 00| 0 eng d</controlfield>
  <datafield tag="040" ind1=" " ind2=" ">
    <subfield code="c">RUA</subfield>
  </datafield>
  <datafield tag="082" ind1=" " ind2=" ">
    <subfield code="a">AEN SOT 2015 B170 Or.1</subfield>
  </datafield>
  <datafield tag="100" ind1=" " ind2=" ">
    <subfield code="9">11203</subfield>
    <subfield code="a">SOTH PENH; &#x179F;&#x17BC;&#x178F;&#x17D2;&#x179A; &#x1796;&#x17C1;&#x1789;</subfield>
  </datafield>
  <datafield tag="245" ind1=" " ind2=" ">
    <subfield code="a">Study on processing of rice production system of norm srim rice mill in khan dongkor, phnom penh, &#x179F;&#x17B7;&#x1780;&#x17D2;&#x179F;&#x17B6;&#x1796;&#x17B8;&#x1781;&#x17D2;&#x179F;&#x17C2;&#x179F;&#x1784;&#x17D2;&#x179C;&#x17B6;&#x1780;&#x17CB;&#x1795;&#x179B;&#x17B7;&#x178F;&#x1780;&#x1798;&#x17D2;&#x1798;&#x1793;&#x17C3;&#x1794;&#x17D2;&#x179A;&#x1796;&#x17D0;&#x1793;&#x17D2;&#x1792;&#x1795;&#x179B;&#x17B7;&#x178F;&#x1780;&#x1798;&#x17D2;&#x1798;&#x17A2;&#x1784;&#x17D2;&#x1782;&#x179A;&#x179A;&#x1794;&#x179F;&#x17CB;&#x179A;&#x17C4;&#x1784;&#x1798;&#x17C9;&#x17B6;&#x179F;&#x17CA;&#x17B8;&#x1793;&#x1780;&#x17B7;&#x1793;&#x179F;&#x17D2;&#x179A;&#x17BC;&#x179C; &#x178E;&#x1798; &#x1781;&#x178E;&#x17D2;&#x178C;&#x178A;&#x1784;&#x17D2;&#x1780;&#x17C4; &#x1797;&#x17D2;&#x1793;&#x17C6;&#x1796;&#x17C1;&#x1789;</subfield>
  </datafield>
  <datafield tag="260" ind1=" " ind2=" ">
    <subfield code="a">RUA</subfield>
    <subfield code="b">SOT</subfield>
    <subfield code="c">2015</subfield>
  </datafield>
  <datafield tag="300" ind1=" " ind2=" ">
    <subfield code="a">xii,50p.</subfield>
    <subfield code="b">ill.</subfield>
    <subfield code="c">29cm.</subfield>
  </datafield>
  <datafield tag="942" ind1=" " ind2=" ">
    <subfield code="2">ddc</subfield>
    <subfield code="c">AGR</subfield>
  </datafield>
  <datafield tag="999" ind1=" " ind2=" ">
    <subfield code="c">10769</subfield>
    <subfield code="d">10769</subfield>
  </datafield>
  <datafield tag="952" ind1=" " ind2=" ">
    <subfield code="0">0</subfield>
    <subfield code="1">0</subfield>
    <subfield code="2">ddc</subfield>
    <subfield code="4">0</subfield>
    <subfield code="6">AEN_SOT_2015_000000000000000_B170_OR_1</subfield>
    <subfield code="7">0</subfield>
    <subfield code="9">56209</subfield>
    <subfield code="a">LBB</subfield>
    <subfield code="b">LBB</subfield>
    <subfield code="c">B520</subfield>
    <subfield code="d">2016-11-05</subfield>
    <subfield code="o">AEN SOT 2015 B170 Or.1</subfield>
    <subfield code="p">A03706</subfield>
    <subfield code="r">2016-11-05</subfield>
    <subfield code="w">2016-11-05</subfield>
    <subfield code="y">AGR</subfield>
  </datafield>
  <datafield tag="952" ind1=" " ind2=" ">
    <subfield code="0">0</subfield>
    <subfield code="1">0</subfield>
    <subfield code="2">ddc</subfield>
    <subfield code="4">0</subfield>
    <subfield code="6">AEN_SOT_2015_000000000000000_B170_OR_2</subfield>
    <subfield code="7">0</subfield>
    <subfield code="9">56210</subfield>
    <subfield code="a">LBB</subfield>
    <subfield code="b">LBB</subfield>
    <subfield code="c">B520</subfield>
    <subfield code="d">2016-11-05</subfield>
    <subfield code="o">AEN SOT 2015 B170 Or.2</subfield>
    <subfield code="p">A04001</subfield>
    <subfield code="r">2016-11-05</subfield>
    <subfield code="w">2016-11-05</subfield>
    <subfield code="y">AGR</subfield>
  </datafield>
  <datafield tag="952" ind1=" " ind2=" ">
    <subfield code="0">0</subfield>
    <subfield code="1">0</subfield>
    <subfield code="2">ddc</subfield>
    <subfield code="4">0</subfield>
    <subfield code="6">AEN_SOT_2015_000000000000000_B170_OR_3</subfield>
    <subfield code="7">0</subfield>
    <subfield code="9">56211</subfield>
    <subfield code="a">LBB</subfield>
    <subfield code="b">LBB</subfield>
    <subfield code="c">B520</subfield>
    <subfield code="d">2016-11-05</subfield>
    <subfield code="o">AEN SOT 2015 B170 Or.3</subfield>
    <subfield code="p">A04004</subfield>
    <subfield code="r">2016-11-05</subfield>
    <subfield code="w">2016-11-05</subfield>
    <subfield code="y">AGR</subfield>
  </datafield>
  <datafield tag="952" ind1=" " ind2=" ">
    <subfield code="0">0</subfield>
    <subfield code="1">0</subfield>
    <subfield code="2">ddc</subfield>
    <subfield code="4">0</subfield>
    <subfield code="6">AEN_SOT_2015_000000000000000_B170_OR_1</subfield>
    <subfield code="7">0</subfield>
    <subfield code="9">56212</subfield>
    <subfield code="a">LBB</subfield>
    <subfield code="b">LBB</subfield>
    <subfield code="c">B520</subfield>
    <subfield code="d">2016-11-05</subfield>
    <subfield code="o">AEN SOT 2015 B170 Or.1</subfield>
    <subfield code="p">A03710</subfield>
    <subfield code="r">2016-11-05</subfield>
    <subfield code="w">2016-11-05</subfield>
    <subfield code="y">AGR</subfield>
  </datafield>
  <datafield tag="952" ind1=" " ind2=" ">
    <subfield code="0">0</subfield>
    <subfield code="1">0</subfield>
    <subfield code="2">ddc</subfield>
    <subfield code="4">0</subfield>
    <subfield code="6">AEN_SOT_2015_000000000000000_B170_OR_1</subfield>
    <subfield code="7">0</subfield>
    <subfield code="9">56213</subfield>
    <subfield code="a">LBB</subfield>
    <subfield code="b">LBB</subfield>
    <subfield code="c">B520</subfield>
    <subfield code="d">2016-11-05</subfield>
    <subfield code="l">1</subfield>
    <subfield code="o">AEN SOT 2015 B170 Or.1</subfield>
    <subfield code="p">A03711</subfield>
    <subfield code="r">2018-11-12</subfield>
    <subfield code="s">2018-10-30</subfield>
    <subfield code="w">2016-11-05</subfield>
    <subfield code="y">AGR</subfield>
  </datafield>
  <datafield tag="952" ind1=" " ind2=" ">
    <subfield code="0">0</subfield>
    <subfield code="1">0</subfield>
    <subfield code="2">ddc</subfield>
    <subfield code="4">0</subfield>
    <subfield code="6">AEN_SOT_2015_000000000000000_B170_OR_1</subfield>
    <subfield code="7">0</subfield>
    <subfield code="9">56214</subfield>
    <subfield code="a">LBB</subfield>
    <subfield code="b">LBB</subfield>
    <subfield code="c">B520</subfield>
    <subfield code="d">2016-11-05</subfield>
    <subfield code="o">AEN SOT 2015 B170 Or.1</subfield>
    <subfield code="p">A03712</subfield>
    <subfield code="r">2016-11-05</subfield>
    <subfield code="w">2016-11-05</subfield>
    <subfield code="y">AGR</subfield>
  </datafield>
  <datafield tag="952" ind1=" " ind2=" ">
    <subfield code="0">0</subfield>
    <subfield code="1">0</subfield>
    <subfield code="2">ddc</subfield>
    <subfield code="4">0</subfield>
    <subfield code="6">AEN_SOT_2015_000000000000000_B170_OR_1</subfield>
    <subfield code="7">0</subfield>
    <subfield code="9">56215</subfield>
    <subfield code="a">LBB</subfield>
    <subfield code="b">LBB</subfield>
    <subfield code="c">B520</subfield>
    <subfield code="d">2016-11-05</subfield>
    <subfield code="o">AEN SOT 2015 B170 Or.1</subfield>
    <subfield code="p">A03714</subfield>
    <subfield code="r">2016-11-05</subfield>
    <subfield code="w">2016-11-05</subfield>
    <subfield code="y">AGR</subfield>
  </datafield>
  <datafield tag="952" ind1=" " ind2=" ">
    <subfield code="0">0</subfield>
    <subfield code="1">0</subfield>
    <subfield code="2">ddc</subfield>
    <subfield code="4">0</subfield>
    <subfield code="6">AEN_SOT_2015_000000000000000_B170_OR_1</subfield>
    <subfield code="7">0</subfield>
    <subfield code="9">56216</subfield>
    <subfield code="a">LBB</subfield>
    <subfield code="b">LBB</subfield>
    <subfield code="c">B520</subfield>
    <subfield code="d">2016-11-05</subfield>
    <subfield code="o">AEN SOT 2015 B170 Or.1</subfield>
    <subfield code="p">A03715</subfield>
    <subfield code="r">2016-11-05</subfield>
    <subfield code="w">2016-11-05</subfield>
    <subfield code="y">AGR</subfield>
  </datafield>
</record>
